Theory and applications of partial functional differential equations (Record no. 334)

MARC details
000 -LEADER
fixed length control field 00536 a2200169 4500
001 - CONTROL NUMBER
control field 066149
003 - CONTROL NUMBER IDENTIFIER
control field OSt
005 - DATE AND TIME OF LATEST TRANSACTION
control field 20210915104151.0
008 - FIXED-LENGTH DATA ELEMENTS--GENERAL INFORMATION
fixed length control field
082 ## - DEWEY DECIMAL CLASSIFICATION NUMBER
Classification number 510
Item number W95T
100 1# - MAIN ENTRY--PERSONAL NAME
Personal name Wu, Jianhong
245 1# - TITLE STATEMENT
Title Theory and applications of partial functional differential equations
Statement of responsibility, etc by Jianhong Wu
260 ## - PUBLICATION, DISTRIBUTION, ETC. (IMPRINT)
Place of publication, distribution, etc New York
Name of publisher, distributor, etc Springer
Date of publication, distribution, etc 2009
300 ## - PHYSICAL DESCRIPTION
Extent 429p.
690 ## - LOCAL SUBJECT ADDED ENTRY--TOPICAL TERM (OCLC, RLIN)
Topical term or geographic name as entry element Functional differential equations; Mathematics; Cell aggregation--Mathematics; Global analysis (Mathematics)
942 ## - ADDED ENTRY ELEMENTS (KOHA)
Source of classification or shelving scheme Dewey Decimal Classification
Koha item type Books
Holdings
Withdrawn status Lost status Source of classification or shelving scheme Damaged status Not for loan Collection code Home library Current library Date acquired Source of acquisition Cost, normal purchase price Full call number Barcode Date last seen Price effective from Koha item type
    Dewey Decimal Classification     General Text Book Central University Of Rajasthan Central University Of Rajasthan 07/03/2012 MTH 595.00 510 W95T 435 21/11/2024 02/09/2020 Books